[Event "Japfa op"]
[Site "Bali"]
[Date "2000.05.05"]
[Round "3"]
[White "Sitepu, Masa"]
[Black "Barua, Dibyendu"]
[Result "0-1"]
[WhiteElo "2295"]
[BlackElo "2555"]
[PlyCount "82"]
[EventDate "2000.05.03"]
[EventType "swiss"]
[EventRounds "9"]
[EventCountry "INA"]
[SourceTitle "CBM 076 Extra"]
[Source "ChessBase"]
[SourceDate "2000.07.11"]
[SourceVersion "1"]
[SourceVersionDate "2000.07.11"]
[SourceQuality "1"]

1. d4 d5 2. Nf3 Nf6 3. Bf4 c6 4. e3 Qb6 5. Qc1 Bf5 6. Nbd2 e6 7. Be2 c5 8. c3 Nc6 9. 0-0 Rc8 10. dxc5 Bxc5 11. Nb3 Be7 12. Qd1 0-0 13. a4 a5 14. Nfd4 Bg6 15. Nb5 Ne4 16. Bd3 e5 17. Bg3 f5 18. Bc2 Rcd8 19. Qc1 h5 20. f3 Nxg3 21. hxg3 h4 22. g4 Bg5 23. Re1 Ne7 24. gxf5 Nxf5 25. Bxf5 Bxf5 26. Kh1 h3 27. g3 Bg6 28. Nd2 Bxe3 29. Nc4 dxc4 30. Qxe3 Qc6 31. Na7 Qxf3+ 32. Qxf3 Rxf3 33. Re2 Rxg3 34. Kh2 Rf3 35. Rg1 Bf5 36. Nb5 Kf7 37. Na3 Rf4 38. Rg3 Rd3 39. Nc2 Rxg3 40. Kxg3 Rg4+ 41. Kf3 Rg2 0-1